| 000 | 01044nam a2200265 i 4500 | ||
|---|---|---|---|
| 001 | 12080 | ||
| 003 | KOSZ 005 | ||
| 005 | 20191003111050.0 | ||
| 008 | 070917s1969 pl a f 001 0 pol | ||
| 015 | _aPB 1969/10516 | ||
| 040 |
_aWA N _cKOSZ 005/RW _dKOSZ 005/RW |
||
| 041 | 1 |
_apol _hger |
|
| 080 | _a621.38:551.5 | ||
| 245 | 0 | 0 |
_aOchrona przeciwklimatyczna urządzeń elektronicznych : _bpraca zbiorowa / _cpod red. Harry Jubischa ; [tł. z niem January Kossakowski]. |
| 246 | 1 |
_iTyt. oryg.: _aKlimaschutz elektronischer Geräte. |
|
| 260 |
_aWarszawa : _bWydawnictwo Ministerstwa Obrony Narodowej, _c1969. |
||
| 300 |
_a366, [2] s. : _bil., err. ; _c23 cm. |
||
| 380 | _aKsiążki. | ||
| 504 | _aBibliogr. s. [346]-359. Indeks. | ||
| 700 | 1 |
_aJubisch, Harry. _eRedakcja |
|
| 700 | 1 |
_aKossakowski, January. _eTłumacz |
|
| 710 | 2 |
_aWydawnictwo Ministerstwa Obrony Narodowej _4pbl. |
|
| 856 |
_uhttp://koha.tu.koszalin.pl/cgi-bin/koha/opac-detail.pl?biblionumber=12080 _yKatalog online BPK |
||
| 942 |
_2UKD _cKS |
||
| 999 |
_c12080 _d12080 |
||